| 000 | 00000nam##2200000za#4500 |
| 001 | 9.639296 |
| 003 | CaOODSP |
| 005 | 20220328113315 |
| 007 | cr ||||||||||| |
| 008 | 150407|1999||||xxc|||||o f|0| 0 fre|d |
| 040 | |aCaOODSP|bfre |
| 043 | |an-cn--- |
| 086 | 1 |aC2-426/1999F-PDF |
| 110 | 1 |aCanada. |bIndustrie Canada. |
| 245 | 10|aComment utiliser la Loi sur le financement des petites entreprises du Canada : |h[ressource électronique]|bun outil d'auto-apprentissage pour les prêteurs |
| 260 | |bIndustrie Canada |c[1999]. |
| 300 | |a28p.|bfigures, tableaux |
| 590 | |a11-28-Supp|b2011-11-17 |
| 691 | 07|aDroit|2gcpds |
| 691 | 07|aPetite entreprise|2gcpds |
| 691 | 07|aPrêt|2gcpds |
| 775 | 08|tHow to use the Canada Small Business Financing Act : |w(CaOODSP)9.695152 |
| 776 | 0#|tHow to use the Canada Small Business Financing Act : |w(CaOODSP)9.660925 |
| 776 | 0#|tComment utiliser la Loi sur le financement des petites entreprises du Canada : |w(CaOODSP)9.660926 |
| 856 | 40|ahttp://publications.gc.ca|qPDF|s719 Ko|uhttps://publications.gc.ca/collections/Collection/C2-426-1999F.pdf |